Statistics for Capital Chain (North America)

Click here to take the quiz!

General Stats

  • This quiz has been taken 6 times
  • The average score is 16 of 23

Answer Stats

CountryCapital% Correct
GuatemalaGuatemala City
100%
CubaHavana
100%
JamaicaKingston
100%
Saint Vincent and the GrenadinesKingstown
100%
MexicoMexico City
100%
CanadaOttawa
100%
PanamaPanama City
100%
United States
Washington DC
100%
BahamasNassau
83%
El SalvadorSan Salvador
83%
Dominican RepublicSanto Domingo
83%
NicaraguaManagua
67%
Costa RicaSan Jose
67%
HondurasTegucigalpa
67%
BelizeBelmopan
50%
HaitiPort-au-prince
50%
Saint Kitts and NevisBasseterre
33%
BarbadosBridgetown
33%
Saint LuciaCastries
33%
Trinidad and TobagoPort of Spain
33%
DominicaRoseau
33%
GrenadaSaint George’s
33%
Antigua and BarbudaSt. John’s
33%

Score Distribution

Percentile by Number Answered

Percent of People with Each Score

Your Score History

You have not taken this quiz